Polytechnic bhauthikam - Vol. 2, Part - II (Record no. 31237)

MARC details
000 -LEADER
fixed length control field 01133nam a2200145Ia 4500
008 - FIXED-LENGTH DATA ELEMENTS--GENERAL INFORMATION
fixed length control field 210323s9999||||xx |||||||||||||| ||und||
040 ## - CATALOGING SOURCE
Transcribing agency STCPL
082 ## - DEWEY DECIMAL CLASSIFICATION NUMBER
Classification number 530.711
Item number RAM-P
245 #0 - TITLE STATEMENT
Title Polytechnic bhauthikam - Vol. 2, Part - II
Title in other language പോളിടെക്നിക് ഭൗതികം - വാല്യം -2, ഭാഗം - 2
260 ## - PUBLICATION, DISTRIBUTION, ETC.
Place of publication, distribution, etc. Thiruvananthapuram
Name of publisher, distributor, etc. Kerala Book Mark
Date of publication, distribution, etc. 1974
300 ## - PHYSICAL DESCRIPTION
Extent 1-viii, 1-190
650 ## - SUBJECT ADDED ENTRY--TOPICAL TERM
Topical term or geographic name entry element Generalസാമൂഹ്യശാസ്ത്രഗവേഷണരീതികള്‍, സാമൂഹ്യവ്യവസ്ഥിതിയുടെ അടിസ്ഥാനഘടകങ്ങള്‍, വ്യക്തി, സമുദായം, പാരമ്പര്യവും പര്യാവരണവും, സമൂഹവും സംസ്കാരവും, സാമൂഹ്യപ്രതിപ്രവര്‍ത്തനം, സാമൂഹ്യസംഘങ്ങള്‍, വ്യക്തിയുടെ ധര്‍മവും പദവിയും, സാമൂഹികീകരണം, സാമൂഹ്യസ്തരീകരണ
942 ## - ADDED ENTRY ELEMENTS (KOHA)
Koha item type Books
041 ## - LANGUAGE CODE
Language code of original Malayalam
Holdings
Withdrawn status Lost status Damaged status Not for loan Home library Current library Shelving location Date acquired Cost, normal purchase price Total Checkouts Full call number Barcode Date last seen Price effective from Koha item type
        ST. THOMAS COLLEGE LIBRARY, PALAI ST. THOMAS COLLEGE LIBRARY, PALAI   2021-07-10 6.00   530.711 RAM-P 43798 2021-07-10 2021-07-10 Books
Rights reserved ©2021 ST. THOMAS COLLEGE LIBRARY
A joint venture of - St. Thomas College Library and
Department of Computer Science, St. Thomas Collge Palai